LEADER 02095nam 2200661 450 001 9910465468903321 005 20200520144314.0 010 $a90-272-6953-X 035 $a(CKB)3710000000225535 035 $a(SSID)ssj0001334273 035 $a(PQKBManifestationID)12506802 035 $a(PQKBTitleCode)TC0001334273 035 $a(PQKBWorkID)11392225 035 $a(PQKB)11149328 035 $a(MiAaPQ)EBC1772293 035 $a(Au-PeEL)EBL1772293 035 $a(CaPaEBR)ebr10915841 035 $a(CaONFJC)MIL639240 035 $a(OCoLC)889675364 035 $a(EXLCZ)993710000000225535 100 $a20140902h20142014 uy 0 101 0 $aeng 135 $aurcnu|||||||| 181 $ctxt 182 $cc 183 $acr 200 14$aThe (ir)reversibility of English binomials $ecorpus, constraints, developments /$fSandra Mollin 210 1$aAmsterdam, Netherlands :$cJohn Benjamins Publishing Company,$d2014. 210 4$d©2014 215 $a1 online resource (264 pages) $cillustrations 225 1 $aStudies in Corpus Linguistics (SCL) ;$vVolume 64 300 $aBibliographic Level Mode of Issuance: Monograph 311 $a1-322-07989-7 311 $a90-272-0372-5 320 $aIncludes bibliographical references and index. 410 0$aStudies in corpus linguistics ;$vVolume 64. 606 $aCollocation (Linguistics) 606 $aLexicology$xData processing 606 $aEnglish language$xIdioms 606 $aComputational linguistics 606 $aCorpora (Linguistics) 606 $aSemantics 608 $aElectronic books. 615 0$aCollocation (Linguistics) 615 0$aLexicology$xData processing. 615 0$aEnglish language$xIdioms. 615 0$aComputational linguistics. 615 0$aCorpora (Linguistics) 615 0$aSemantics. 676 $a425 700 $aMollin$b Sandra$0715451 801 0$bMiAaPQ 801 1$bMiAaPQ 801 2$bMiAaPQ 906 $aBOOK 912 $a9910465468903321 996 $aThe (ir)reversibility of English binomials$92206600 997 $aUNINA LEADER 01881nas 2200565- 450 001 996212668403316 005 20181116052750.6 011 $a0718-3089 035 $a(OCoLC)656603374 035 $a(CKB)110978978553759 035 $a(CONSER)--2014240280 035 $a(DE-599)ZDB2078130-1 035 $a(EXLCZ)99110978978553759 100 $a20100817a19809999 --- - 101 0 $aspa 135 $aurun||||a|a|| 181 $ctxt$2rdacontent 182 $cc$2rdamedia 183 $acr$2rdacarrier 200 00$aEstudios públicos /$fCentro de Estudios Públicos 210 1$aSantiago, Chile :$cCentro de Estudios Públicos 300 $a"Revista de humanidades y ciencias sociales." 300 $aRefereed/Peer-reviewed 311 $a0716-1115 517 1 $aRevista Estudios públicos 517 1 $aRevista de estudios públicos 606 $aEconomics$vPeriodicals 606 $aSocial sciences$vPeriodicals 606 $aPolitics and government$2fast$3(OCoLC)fst01919741 606 $aEconomic history$2fast$3(OCoLC)fst00901974 606 $aEconomics$2fast$3(OCoLC)fst00902116 606 $aSocial sciences$2fast$3(OCoLC)fst01122877 606 $aCIENCIAS SOCIALES$zCHILE$xPUBLICACIONES PERIODICAS$2renib 607 $aChile$xEconomic conditions$vPeriodicals 607 $aChile$xPolitics and government$vPeriodicals 607 $aChile$vPeriodicals 607 $aChile$2fast 608 $aPeriodicals.$2fast 615 0$aEconomics 615 0$aSocial sciences 615 7$aPolitics and government 615 7$aEconomic history. 615 7$aEconomics. 615 7$aSocial sciences. 615 7$aCIENCIAS SOCIALES$xPUBLICACIONES PERIODICAS. 712 02$aCentro de Estudios Públicos (Santiago, Chile), 906 $aJOURNAL 912 $a996212668403316 996 $aEstudios públicos$92091026 997 $aUNISA